00277 a2200133 4500001000700000020002200007040001100029100001900040240003100059245002600090300000700116362000900123440001100132188108 a978-85-260-1207-3 cMagnum aFrança, Mary10aO macaco faz das suaslpor10aO macaco faz das suas a300 a2007 1aGlobal